Visualizzazione normale
Vista MARC
- COMMEDIA - TEATRO
di Topical Term
Records bibliografici associati: 1
001 - CONTROL NUMBER
- control field: 38346
003 - CONTROL NUMBER IDENTIFIER
- control field: IT-RoPau
005 - DATE AND TIME OF LATEST TRANSACTION
- control field: 20151125215521.0
008 - FIXED-LENGTH DATA ELEMENTS
- fixed length control field: 151125|| aca||aabn | a|a d
040 ## - CATALOGING SOURCE
- Original cataloging agency: IT-RoPau
- Transcribing agency: IT-RoPau
150 ## - HEADING--TOPICAL TERM
- Topical term or geographic name entry element: COMMEDIA - TEATRO
- : DVD-VARI [DVD]
- General subdivision: Codice MATERIA SPICS: 9946
670 ## - SOURCE DATA FOUND
- Source citation: Work cat.: (IT-RoPau)104909: Fo Dario Codice regista SPICS: 6571 38344, ANOMALO BICEFALO (L') ANOMALO BICEFALO (L') (Rif. Codice opera principale : H7284)